<?xml version="1.0" encoding="UTF-8"?><?xml-stylesheet type="text/xsl" href="static/style.xsl"?><OAI-PMH xmlns="http://www.openarchives.org/OAI/2.0/" xmlns:xsi="http://www.w3.org/2001/XMLSchema-instance" xsi:schemaLocation="http://www.openarchives.org/OAI/2.0/ http://www.openarchives.org/OAI/2.0/OAI-PMH.xsd"><responseDate>2026-04-14T18:17:54Z</responseDate><request verb="GetRecord" identifier="oai:uvadoc.uva.es:10324/51183" metadataPrefix="marc">https://uvadoc.uva.es/oai/request</request><GetRecord><record><header><identifier>oai:uvadoc.uva.es:10324/51183</identifier><datestamp>2022-01-10T21:52:57Z</datestamp><setSpec>com_10324_38</setSpec><setSpec>col_10324_852</setSpec></header><metadata><record xmlns="http://www.loc.gov/MARC21/slim" xmlns:doc="http://www.lyncode.com/xoai" xmlns:xsi="http://www.w3.org/2001/XMLSchema-instance" xmlns:dcterms="http://purl.org/dc/terms/" xsi:schemaLocation="http://www.loc.gov/MARC21/slim http://www.loc.gov/standards/marcxml/schema/MARC21slim.xsd">
<leader>00925njm 22002777a 4500</leader>
<datafield tag="042" ind1=" " ind2=" ">
<subfield code="a">dc</subfield>
</datafield>
<datafield tag="720" ind1=" " ind2=" ">
<subfield code="a">Cancho Alcalde, Jesús</subfield>
<subfield code="e">author</subfield>
</datafield>
<datafield tag="260" ind1=" " ind2=" ">
<subfield code="c">2021</subfield>
</datafield>
<datafield tag="520" ind1=" " ind2=" ">
<subfield code="a">Adentrarse en la casa del Antiguo Régimen para estudiar sus enseres, arquitectura y modo&#xd;
de vida. Estudiar su cultura material, dibujar su vida cotidiana y entender su forma de&#xd;
percibir la vida y organizarla. Este trabajo pretende una parva introducción al día a día de&#xd;
las pequeñas localidades rurales del valle del Esgueva al paso por Burgos para ahondar&#xd;
en el conocimiento de la denominada Historia de la Vida Cotidiana. Visibilizar las líneas&#xd;
del modo de vida agropecuario que se han mantenido bastante inmutables al inexorable&#xd;
paso del tiempo hasta mediados del siglo XX.</subfield>
</datafield>
<datafield tag="520" ind1=" " ind2=" ">
<subfield code="a">Enter the house of the Old Regime to study their belongings, architecture and way of life.&#xd;
Study their material culture, draw their daily life and understand their way of perceiving&#xd;
life and organizing it. This work aims to provide a fresh introduction to the day-to-day&#xd;
life of the small rural towns of the Esgueva valley when passing through Burgos to deepen&#xd;
the knowledge of what is called the History of Everyday Life. Make visible the lines of&#xd;
the agricultural way of life that have been maintained, with enough integrity, over the&#xd;
inexorable passage of time until the middle of the 20th century.</subfield>
</datafield>
<datafield tag="024" ind2=" " ind1="8">
<subfield code="a">https://uvadoc.uva.es/handle/10324/51183</subfield>
</datafield>
<datafield tag="245" ind1="0" ind2="0">
<subfield code="a">Casa, cultura material y vida cotidiana en el valle Esgueva del siglo XVIII</subfield>
</datafield>
</record></metadata></record></GetRecord></OAI-PMH>